000 00298nam a22001337a 4500
008 181015b xxu||||| |||| 00| 0 eng d
020 _a9780393921397
041 _aeng
080 _a159.9
100 _a50
101 _aPSI
245 _aPsychology In Your Life
_cGrison.h
942 _2udc
_cBK
999 _c49804
_d49804